00698 2200253 4500001002100000005001500021035002000036007000300056008004100059020002200100082001100122084001700133100001900150245009200169250001100261260003600272300003500308650001100343700002100354700002000375520002500395990001200420990001200432INLIS00000000000180020180326094302 a0010-0318000143ta180326 g 0 ind  a978-979-1477-73-4 a701.15 a701.15 HAN k0 aHANEDA, Ananta1 aKreasi Trendy Sulam Perca /cHaneda Ananta, Endah Sutjihati; penyunting, Dwi A. Santoso acet. 7 aJakarta :bKriya Pustaka,c2011 aiv, 70 hlm. :bilus. ;c23 cm. aKREASI0 aENDAH, Sutjihati0 aDWI, A. Santoso abibliografi: hlm. 70 a16522 a a16522 b